书目信息 |
| 题名: |
建设工程投资估算手册
|
|
| 作者: | 余辉 , 李耕俭 主编 | |
| 分册: | ||
| 出版信息: | 北京 中国建筑工业出版社 1999.04 |
|
| 页数: | 934页 | |
| 开本: | 16开 | |
| 丛书名: | ||
| 单 册: | ||
| 中图分类: | TU723.3-62 | |
| 科图分类: | ||
| 主题词: | 建筑工程--施工组织 , 建筑工程--施工计划 | |
| 电子资源: | ||
| ISBN: | 7-112-03779-4 | |
| 000 | 00669nam0 2200217 45 | |
| 001 | 0009132083 | |
| 005 | 20001203161812.4 | |
| 010 | @a7-112-03779-4@d73.00元 | |
| 100 | @a20000913d1999 km y0chiy0120 ea | |
| 101 | 0 | @achi |
| 105 | @a z 000yy | |
| 200 | 1 | @a建设工程投资估算手册@AJian She Gong Cheng Tou Zi Gu Suan Shou Ce@f余辉,李耕俭主编@FYu Hui,Li Geng Jian Zhu Bian |
| 210 | @a北京@c中国建筑工业出版社@d1999.04 | |
| 215 | @a934页@d16开 | |
| 606 | 0 | @a建筑工程@x施工组织 |
| 606 | 0 | @a建筑工程@x施工计划 |
| 690 | @aTU723.3-62@v3 | |
| 701 | 0 | @a余辉@4主编 |
| 701 | 0 | @a李耕俭@4主编 |
| 801 | @aCN@bPftUser@c20000913 | |
| 905 | @dTU723.3-62@eY.684@b512037-041@f5 | |
| 建设工程投资估算手册/余辉,李耕俭主编.-北京:中国建筑工业出版社,1999.04 |
| 934页;16开 |
| ISBN 7-112-03779-4:73.00元 |
| ● |
| 相关链接 |
|
|
|
正题名:建设工程投资估算手册
索取号:TU723.3-62/Y.684
 
预约/预借
| 序号 | 登录号 | 条形码 | 馆藏地/架位号 | 状态 | 备注 |
| 1 | 512037 | 205120377 | 建筑库201/404自科库 13排4列4层/ [索取号:TU723.3-62/Y.684] | 在馆 | |
| 2 | 512038 | 205120386 | 自科二线404/404自科库 1排5列3层/ [索取号:TU723.3-62/Y.684] | 在馆 | |
| 3 | 512039 | 205120395 | 土木与交通工程学院资料室/土木与交通学院资料室 1排1列1层/ [索取号:TU723.3-62/Y.684] | 在馆 | |
| 4 | 512040 | 205120402 | 自科二线404/404自科库 1排5列3层/ [索取号:TU723.3-62/Y.684] | 在馆 | |
| 5 | 512041 | 205120411 | 土木与交通工程学院资料室/土木与交通学院资料室 1排1列1层/ [索取号:TU723.3-62/Y.684] | 在馆 |